Score 0/20 Timer 04:00
1 Play Today
1940s Movie Missing Word % Correct
It's a Wonderful ___Life
97.1%
Yankee ___ DandyDoodle
95.1%
Meet ___ in St. LouisMe
91.9%
___ Comes Mr. JordanHere
91.6%
The ___ of WrathGrapes
88.4%
___ on 34th StreetMiracle
87.4%
___ KaneCitizen
86.9%
For ___ the Bell TollsWhom
85.8%
The Maltese ___Falcon
78.5%
She Wore a ___ RibbonYellow
76.5%
1940s Movie Missing Word % Correct
All the ___ MenKing's
72.7%
The Picture of ___ GrayDorian
71.5%
Mighty ___ YoungJoe
69.5%
My ___ ClementineDarling
67%
The Best ___ of Our LivesYears
64.9%
Arsenic and ___ LaceOld
64.8%
___ BovaryMadame
63.1%
The ___ Always Rings TwicePostman
62%
His ___ FridayGirl
62%
___ IndemnityDouble
59.5%

Today's Daily Dose

Missing Word
'T' Pairs

Word Ladder
Game Pieces

Get the Picture
Baseball Movies

Remove Ads.
Support Sporcle.
Get the best of Sporcle when you Go Orange. This ad-free experience offers more features, more stats, and more fun while also helping to support Sporcle. Thank you for becoming a member.

You're not logged in!

Compare scores with friends on all Sporcle quizzes.
OR
Log In

Show Comments

Extras

Top Quizzes Today


Score Distribution

Your Account Isn't Verified!

In order to create a playlist on Sporcle, you need to verify the email address you used during registration. Go to your Sporcle Settings to finish the process.

Report this User

Report this user for behavior that violates our Community Guidelines.

Details: